<?xml version="1.0" encoding="UTF-8"?><?xml-stylesheet type="text/xsl" href="static/style.xsl"?><OAI-PMH xmlns="http://www.openarchives.org/OAI/2.0/" xmlns:xsi="http://www.w3.org/2001/XMLSchema-instance" xsi:schemaLocation="http://www.openarchives.org/OAI/2.0/ http://www.openarchives.org/OAI/2.0/OAI-PMH.xsd"><responseDate>2026-06-07T19:15:57Z</responseDate><request verb="GetRecord" identifier="oai:docta.ucm.es:20.500.14352/134993" metadataPrefix="marc">https://docta.ucm.es/rest/oai/request</request><GetRecord><record><header><identifier>oai:docta.ucm.es:20.500.14352/134993</identifier><datestamp>2026-04-24T00:18:11Z</datestamp><setSpec>com_20.500.14352_14</setSpec><setSpec>col_20.500.14352_15</setSpec></header><metadata><record xmlns="http://www.loc.gov/MARC21/slim" xmlns:dcterms="http://purl.org/dc/terms/" xmlns:xsi="http://www.w3.org/2001/XMLSchema-instance" xmlns:doc="http://www.lyncode.com/xoai" xsi:schemaLocation="http://www.loc.gov/MARC21/slim http://www.loc.gov/standards/marcxml/schema/MARC21slim.xsd">
   <leader>00925njm 22002777a 4500</leader>
   <datafield ind2=" " ind1=" " tag="042">
      <subfield code="a">dc</subfield>
   </datafield>
   <datafield ind2=" " ind1=" " tag="720">
      <subfield code="a">Perdices Blas, Luis</subfield>
      <subfield code="e">author</subfield>
   </datafield>
   <datafield ind2=" " ind1=" " tag="720">
      <subfield code="a">Ramos Gorostiza, José Luis</subfield>
      <subfield code="e">author</subfield>
   </datafield>
   <datafield ind2=" " ind1=" " tag="260">
      <subfield code="c">2017-04-22</subfield>
   </datafield>
   <datafield ind2=" " ind1=" " tag="520">
      <subfield code="a">Entre finales del siglo XIX y el comienzo de la Guerra Civil la prensa económica dirigida a profesionales y hombres de negocios vivió en España un apogeo sin precedentes. Dos de las publicaciones más representativas e importantes –por difusión, longevidad y calidad informativa– fueron España Económica y Financiera (1893) y El Financiero (1901), que hasta la fecha no habían sido objeto de estudio específico. El objeto de este artículo es mostrar cómo se fue reflejando en la prensa financiera la nueva política económica española que acabaría dominando el periodo de entreguerras: el nacionalismo económico. Es decir, cómo las posiciones ideológicas acordes a la línea editorial nacionalista de El Financiero triunfaron en términos de política económica, y cómo, en cambio, las posturas cercanas a la línea editorial liberal de España Económica y Financiera fueron arrinconadas.</subfield>
   </datafield>
   <datafield ind2=" " ind1=" " tag="520">
      <subfield code="a">Between the late nineteenth century and the beginning of the Civil War the business press for professionals and businessmen lived in Spain an unprecedented apogee. Two of the most representative and important publications –because of their diffusion, longevity and quality– were España Económica y Financiera (1893) and El Financiero (1901), which had not been subject to specific study up to date. The aim of this article is to show how the new Spanish economic policy that finally would dominate the interwar period –economic nationalism– was reflected in the financial press. That is, whereas the nationalistic ideology which reflected the editorial line of El Financiero triumphed in terms of economic policy, the stances close to the liberal editorial line of España Económica y Financiera were laid aside.</subfield>
   </datafield>
   <datafield ind1="8" ind2=" " tag="024">
      <subfield code="a">Perdices de Blas, Luis, y Ramos Gorostiza, José Luis (2017): “La prensa financiera española y el debate sobre el nacionalismo económico en el periodo de entreguerras: los casos de El Financiero y España Económica y Financiera”, Revista de Historia de la Economía y de la Empresa, nº 11, pp. 191-216.</subfield>
   </datafield>
   <datafield ind1="8" ind2=" " tag="024">
      <subfield code="a">1887-2956</subfield>
   </datafield>
   <datafield ind1="8" ind2=" " tag="024">
      <subfield code="a">https://hdl.handle.net/20.500.14352/134993</subfield>
   </datafield>
   <datafield ind2="0" ind1="0" tag="245">
      <subfield code="a">La prensa financiera española y el debate sobre el nacionalismo económico en el periodo de entreguerras: los casos de El Financiero y España Económica y Financiera</subfield>
   </datafield>
</record></metadata></record></GetRecord></OAI-PMH>